000 00920cam a2200241 4500
001 ABS62519
008 000000n2000 000 0 eng u
035 _a(Sirsi) u106429
100 _aPatterson, A.
100 _aPinch, P.
245 _aPublic sector restructuring and regional development: the impact of compulsory competitive tendering in the UK
260 _c2000
490 _aRegional Studies
_v34(3) May 2000, 265-275(11)
520 _aAttempts to analyse public sector restructuring in Britain through an evaluation of the impact of CCT for the provision of local public services. Suggests that CCT has undermined the stabilising role of public services within regional economic development.
590 _aABS
650 _aCCT
650 _aPUBLIC SERVICES
650 _aBEST VALUE
650 _aLOCAL GOVERNMENT
650 _aREGIONAL DEVELOPMENT
690 _aLOCAL GOVERNMENT
942 _n0
999 _c63746
_d63746